[Event "DSJ Weihnachtsturnier U16: Lasker 2020"]
[Site ""]
[Date "2020.12.28"]
[Round "5"]
[White "Sinnhöfer, Joshua"]
[Black "Hofmann, Benjamin"]
[Result "0-1"]
[Termination "normal"]
[Board "3.4"]
[WhiteElo "1712"]
[BlackElo "1489"]
[WhiteTeam "Delmenhorster SK V 1931"]
[BlackTeam "Schachgesellschaft Bochum 1931"]
[PlyCount "140"]
[WhiteFideId "16201361"]
[BlackFideId "16270266"]
[EventRounds "7"]
[EventType "team-swiss"]
[EventDate "2020.12.28"]

1. e4 {[%emt 0:00:06]} e5 {[%emt 0:00:02]} 2. Nf3 {[%emt 0:00:02]} Nc6 { [%emt
0:00:02]} 3. d4 {[%emt 0:00:04]} exd4 {[%emt 0:00:01]} 4. Bc4 {[%emt 0:00:02]}
Bc5 {[%emt 0:00:06]} 5. c3 {[%emt 0:00:04]} d6 {[%emt 0:00:04]} 6. cxd4 {[%emt
0:00:10]} Bb4+ {[%emt 0:00:02]} 7. Nc3 {[%emt 0:00:04]} Nf6 {[%emt 0:00:02]} 8.
O-O {[%emt 0:00:02]} Bg4 {[%emt 0:00:04]} 9. h3 {[%emt 0:00:04]} Bxf3 { [%emt
0:00:16]} 10. Qxf3 {[%emt 0:00:05]} Nxd4 {[%emt 0:00:02]} 11. Qd3 { [%emt
0:00:20]} Nc6 {[%emt 0:00:21]} 12. Bg5 {[%emt 0:00:21]} O-O {[%emt 0:00:09]}
13. a3 {[%emt 0:00:09]} Bc5 {[%emt 0:00:06]} 14. Nd5 {[%emt 0:00:06]} Ne5
{[%emt 0:00:07]} 15. Qg3 {[%emt 0:00:39]} Nxe4 {[%emt 0:00:15]} 16. Qf4 { [%emt
0:00:51] Delmen2-004 reconnected.} Nxg5 {[%emt 0:00:16] Delmen2-004
reconnected.} 17. Qf5 {[%emt 0:00:37]} Nxc4 {[%emt 0:00:09]} 18. Rfe1 {[%emt
0:00:10]} c6 {[%emt 0:00:13]} 19. Ne7+ {[%emt 0:00:03]} Kh8 {[%emt 0:00:06]}
20. Qxg5 {[%emt 0:00:07]} d5 {[%emt 0:00:32]} 21. b3 {[%emt 0:00:41]} f6 {[%emt
0:00:20]} 22. Ng6+ {[%emt 0:00:20]} hxg6 {[%emt 0:00:06]} 23. Qh4+ {[%emt
0:00:14]} Kg8 {[%emt 0:00:02]} 24. bxc4 {[%emt 0:00:02]} Qb6 {[%emt 0:00:09]}
25. cxd5 {[%emt 0:00:05]} cxd5 {[%emt 0:00:24]} 26. Rab1 {[%emt 0:00:04]} Qc7 {
[%emt 0:00:27]} 27. Rec1 {[%emt 0:00:05]} b6 {[%emt 0:00:07]} 28. Qg4 {[%emt
0:00:44]} Qf7 {[%emt 0:00:21]} 29. Re1 {[%emt 0:00:32]} f5 {[%emt 0:00:04]} 30.
Qg5 {[%emt 0:00:03]} f4 {[%emt 0:00:06]} 31. Rbd1 {[%emt 0:00:11] Bochum2-004
reconnected.} Rae8 {[%emt 0:05:05]} 32. Rxe8 {[%emt 0:00:11]} Rxe8 {[%emt
0:00:01]} 33. Rxd5 {[%emt 0:00:36] Bochum2-004 reconnected.} Qf6 {[%emt
0:00:42]} 34. Qg4 {[%emt 0:00:25]} Re1+ {[%emt 0:00:03]} 35. Kh2 {[%emt
0:00:01]} Bd6 { [%emt 0:00:04]} 36. Qf3 {[%emt 0:00:14]} Re5 {[%emt 0:00:03]}
37. Rd2 {[%emt 0:00:11]} g5 {[%emt 0:00:02]} 38. Rc2 {[%emt 0:00:03]} Be7
{[%emt 0:00:02]} 39. Rc8+ {[%emt 0:00:03]} Bd8 {[%emt 0:00:01]} 40. Qd3 {[%emt
0:00:06]} Re8 { [%emt 0:00:02]} 41. Qd7 {[%emt 0:00:08]} Qf7 {[%emt 0:00:04]}
42. Rxd8 { [%emt 0:00:06]} Rxd8 {[%emt 0:00:01]} 43. Qxd8+ {[%emt 0:00:01]} Kh7
{[%emt 0:00:01]} 44. Qd3+ {[%emt 0:00:04]} Qg6 {[%emt 0:00:02]} 45. Qa6 {[%emt
0:00:02]} Qf7 {[%emt 0:00:02]} 46. Qb5 {[%emt 0:00:08]} Qe7 {[%emt 0:00:03]}
47. Qf5+ { [%emt 0:00:04]} Kh6 {[%emt 0:00:02]} 48. g4 {[%emt 0:00:08]} fxg3+
{[%emt 0:00:02]} 49. Kxg3 {[%emt 0:00:04]} Qxa3+ {[%emt 0:00:02]} 50. Kg2
{[%emt 0:00:03]} Qd6 {[%emt 0:00:01]} 51. Kf3 {[%emt 0:00:13]} Qf6 {[%emt
0:00:02]} 52. Kg4 { [%emt 0:00:01]} Qxf5+ {[%emt 0:00:01]} 53. Kxf5 {[%emt
0:00:00]} a5 {[%emt 0:00:01]} 54. Ke4 {[%emt 0:00:05]} a4 {[%emt 0:00:01]} 55.
Kd3 {[%emt 0:00:01]} a3 {[%emt 0:00:01]} 56. Kc3 {[%emt 0:00:01]} Kh5 {[%emt
0:00:01]} 57. Kb3 { [%emt 0:00:01]} Kh4 {[%emt 0:00:01]} 58. Kxa3 {[%emt
0:00:01]} Kxh3 {[%emt 0:00:02]} 59. Kb2 {[%emt 0:00:00]} Kg2 {[%emt 0:00:01]}
60. Kc2 {[%emt 0:00:01]} Kxf2 {[%emt 0:00:01]} 61. Kc3 {[%emt 0:00:00]} g4
{[%emt 0:00:01]} 62. Kb4 { [%emt 0:00:00]} g3 {[%emt 0:00:01]} 63. Kb5 {[%emt
0:00:00]} g2 {[%emt 0:00:01] } 64. Kxb6 {[%emt 0:00:00]} g1=Q {[%emt 0:00:02]}
65. Ka7 {[%emt 0:00:00]} Qb1 {[%emt 0:00:02]} 66. Ka6 {[%emt 0:00:01]} Ke3
{[%emt 0:00:02]} 67. Ka7 { [%emt 0:00:00]} Kd4 {[%emt 0:00:01]} 68. Ka6 {[%emt
0:00:01]} Kc5 {[%emt 0:00:01]} 69. Ka7 {[%emt 0:00:01]} Kc6 {[%emt 0:00:01]}
70. Ka8 {[%emt 0:00:07]} Qb7# {[%emt 0:00:03]} 0-1

[Event "DSJ Weihnachtsturnier U16: Lasker 2020"]
[Site ""]
[Date "2020.12.28"]
[Round "5"]
[White "Blome, Johannes"]
[Black "Koll, Linus"]
[Result "1/2-1/2"]
[Termination "normal"]
[Board "4.1"]
[WhiteElo "1849"]
[BlackElo "1963"]
[WhiteTeam "Hamburger SK von 1830 3"]
[BlackTeam "Karlsruher SF 1853"]
[PlyCount "96"]
[WhiteFideId "16233972"]
[BlackFideId "12990299"]
[EventRounds "7"]
[EventType "team-swiss"]
[EventDate "2020.12.28"]

1. e4 {[%emt 0:00:15]} c5 {[%emt 0:00:02]} 2. Nf3 {[%emt 0:00:03]} d6 {[%emt
0:00:01]} 3. Bb5+ {[%emt 0:00:02]} Bd7 {[%emt 0:00:04]} 4. Bxd7+ {[%emt
0:00:01]} Qxd7 {[%emt 0:00:01]} 5. c4 {[%emt 0:00:02]} Nc6 {[%emt 0:00:02]} 6.
d4 { [%emt 0:00:04]} cxd4 {[%emt 0:00:03]} 7. Nxd4 {[%emt 0:00:01]} g6 {[%emt
0:00:02]} 8. Nc3 {[%emt 0:00:03]} Bg7 {[%emt 0:00:01]} 9. Be3 {[%emt 0:00:03]}
Nf6 { [%emt 0:00:01]} 10. f3 {[%emt 0:00:03]} O-O {[%emt 0:00:10]} 11. O-O
{[%emt 0:00:04]} a6 {[%emt 0:00:11]} 12. a4 {[%emt 0:00:02]} Nxd4 {[%emt
0:00:54]} 13. Bxd4 {[%emt 0:00:06]} Qc6 {[%emt 0:00:03]} 14. b3 {[%emt
0:00:03]} Rad8 { [%emt 0:01:23]} 15. Rc1 {[%emt 0:00:15]} e6 {[%emt 0:00:04]}
16. Qd3 {[%emt 0:00:16]} Nd7 {[%emt 0:00:31]} 17. Bxg7 {[%emt 0:00:15]} Kxg7
{[%emt 0:00:02]} 18. Ne2 {[%emt 0:00:45]} Qb6+ {[%emt 0:00:46]} 19. Qd4+ {[%emt
0:00:10]} Qxd4+ {[%emt 0:00:10]} 20. Nxd4 {[%emt 0:00:00]} Nb6 {[%emt 0:00:13]}
21. Rfd1 { [%emt 0:00:19]} Kf6 {[%emt 0:01:16]} 22. a5 {[%emt 0:00:46]} Nd7
{[%emt 0:00:19]} 23. b4 {[%emt 0:00:18]} Ke7 {[%emt 0:00:02]} 24. Nb3 {[%emt
0:00:25]} Rc8 {[%emt 0:00:18]} 25. Kf2 {[%emt 0:00:15]} Rc7 {[%emt 0:00:53]}
26. b5 {[%emt 0:00:47]} Rfc8 {[%emt 0:00:07]} 27. bxa6 {[%emt 0:00:31]} bxa6
{[%emt 0:00:05]} 28. Nd2 {[%emt 0:00:19]} Ne5 {[%emt 0:00:05]} 29. Rb1 {[%emt
0:00:06]} Nxc4 { [%emt 0:00:21]} 30. Nxc4 {[%emt 0:00:03]} Rxc4 {[%emt
0:00:02]} 31. Rb6 { [%emt 0:00:02]} R4c6 {[%emt 0:00:05]} 32. Rdb1 {[%emt
0:00:12]} Kd7 {[%emt 0:00:04]} 33. Rxc6 {[%emt 0:00:29]} Rxc6 {[%emt 0:00:03]}
34. Rb7+ {[%emt 0:00:01]} Rc7 {[%emt 0:00:01]} 35. Rb6 {[%emt 0:00:01]} Rc6
{[%emt 0:00:03]} 36. Rb7+ {[%emt 0:00:01] HSK05-001 offers a draw} Rc7 {[%emt
0:00:01]} 37. Rb6 { [%emt 0:00:01] HSK05-001 reconnected. HSK05-001 offers a
draw} Rc2+ {[%emt 0:01:13] HSK05-001 reconnected.} 38. Kg3 {[%emt 0:00:14]} d5
{[%emt 0:00:19] HSK05-001 reconnected.} 39. exd5 {[%emt 0:00:13]} exd5 {[%emt
0:00:00]} 40. Rxa6 {[%emt 0:00:02]} d4 {[%emt 0:00:01]} 41. Ra7+ {[%emt
0:00:13]} Kd6 { [%emt 0:00:05]} 42. Ra8 {[%emt 0:00:03]} Kd7 {[%emt 0:00:09]}
43. Ra7+ { [%emt 0:00:05]} Ke6 {[%emt 0:00:01]} 44. Ra8 {[%emt 0:00:04]} d3
{[%emt 0:00:02]} 45. Rd8 {[%emt 0:00:02]} d2 {[%emt 0:00:01]} 46. a6 {[%emt
0:00:01]} Ra2 { [%emt 0:00:02]} 47. a7 {[%emt 0:00:02]} Rxa7 {[%emt 0:00:01]}
48. Rxd2 { [%emt 0:00:01]} Kf6 {[%emt 0:00:02] Karlsru4-001 offers a draw}
1/2-1/2

[Event "DSJ Weihnachtsturnier U16: Lasker 2020"]
[Site ""]
[Date "2020.12.28"]
[Round "5"]
[White "Wang, Xinyuan"]
[Black "Christensen, John Christopher"]
[Result "0-1"]
[Termination "normal"]
[Board "4.2"]
[WhiteElo "1759"]
[BlackElo "1925"]
[WhiteTeam "Karlsruher SF 1853"]
[BlackTeam "Hamburger SK von 1830 3"]
[PlyCount "166"]
[WhiteFideId "16221494"]
[BlackFideId "1453947"]
[EventRounds "7"]
[EventType "team-swiss"]
[EventDate "2020.12.28"]

1. d4 {[%emt 0:00:04]} f5 {[%emt 0:00:03]} 2. Nf3 {[%emt 0:00:13]} Nf6 { [%emt
0:00:05]} 3. c4 {[%emt 0:00:03]} g6 {[%emt 0:00:02]} 4. Nc3 {[%emt 0:00:01]}
Bg7 {[%emt 0:00:02]} 5. e3 {[%emt 0:00:03]} d6 {[%emt 0:00:02]} 6. Bd3 { [%emt
0:00:01]} Nbd7 {[%emt 0:00:02]} 7. O-O {[%emt 0:00:05]} O-O {[%emt 0:00:04]} 8.
Re1 {[%emt 0:00:11]} e5 {[%emt 0:00:03]} 9. e4 {[%emt 0:00:10]} f4 { [%emt
0:00:08]} 10. dxe5 {[%emt 0:00:29]} dxe5 {[%emt 0:00:16]} 11. b3 { [%emt
0:00:03]} Qe7 {[%emt 0:00:25]} 12. Nd5 {[%emt 0:00:08]} Nxd5 {[%emt 0:00:08]}
13. exd5 {[%emt 0:00:18]} Nc5 {[%emt 0:00:52]} 14. Ba3 {[%emt 0:00:29]} b6
{[%emt 0:00:11]} 15. Bxc5 {[%emt 0:00:06]} bxc5 {[%emt 0:00:04]} 16. Be4 {
[%emt 0:00:23]} Qd6 {[%emt 0:00:05]} 17. Qc2 {[%emt 0:00:06]} Bf5 {[%emt
0:00:03]} 18. Re2 {[%emt 0:00:05]} Rae8 {[%emt 0:00:10]} 19. Rae1 {[%emt
0:00:02]} Re7 {[%emt 0:00:09]} 20. Nd2 {[%emt 0:00:25]} h5 {[%emt 0:00:14]} 21.
Nf3 { [%emt 0:00:13]} Bh6 {[%emt 0:01:13]} 22. Nh4 {[%emt 0:00:05]} Qf6 {[%emt
0:00:09]} 23. Nxg6 {[%emt 0:00:10]} Qxg6 {[%emt 0:00:03]} 24. Bxf5 {[%emt
0:00:06]} Qxf5 {[%emt 0:00:00]} 25. Qd2 {[%emt 0:00:12]} Qf6 {[%emt 0:00:19]}
26. f3 { [%emt 0:00:16]} Rfe8 {[%emt 0:00:09]} 27. Re4 {[%emt 0:00:02]} Qd6
{[%emt 0:00:11]} 28. Qf2 {[%emt 0:00:07]} Bg5 {[%emt 0:00:14]} 29. R1e2 {[%emt
0:00:19]} Kg7 {[%emt 0:00:09]} 30. Qe1 {[%emt 0:00:10]} Kg6 {[%emt 0:00:07]}
31. Rd2 { [%emt 0:00:17]} Kf6 {[%emt 0:00:11]} 32. Qa1 {[%emt 0:00:15]} a6
{[%emt 0:01:00]} 33. Qc3 {[%emt 0:00:08]} Rg7 {[%emt 0:00:33]} 34. Rde2 {[%emt
0:00:15]} Bh6 {[%emt 0:00:28]} 35. Kh1 {[%emt 0:00:14]} Rg5 {[%emt 0:00:19]}
36. Rxf4+ { [%emt 0:00:16]} Rf5 {[%emt 0:00:22]} 37. Rxf5+ {[%emt 0:00:32]}
Kxf5 {[%emt 0:00:00]} 38. Qd3+ {[%emt 0:00:02]} Kf6 {[%emt 0:00:07]} 39. Qh7
{[%emt 0:00:07]} Bf4 {[%emt 0:00:38]} 40. Qxh5 {[%emt 0:00:22]} Qd8 {[%emt
0:00:13]} 41. g4 { [%emt 0:00:41]} Rh8 {[%emt 0:00:32]} 42. Qf5+ {[%emt
0:00:03]} Kg7 {[%emt 0:00:03]} 43. g5 {[%emt 0:00:35]} Bxg5 {[%emt 0:00:11]}
44. Qxe5+ {[%emt 0:00:07]} Bf6 {[%emt 0:00:11]} 45. Rg2+ {[%emt 0:00:05]} Kf8
{[%emt 0:00:11] Karlsru4-002 reconnected.} 46. Qe6 {[%emt 0:00:52]} Qe7 {[%emt
0:00:09]} 47. Re2 {[%emt 0:00:18]} Rh7 {[%emt 0:00:10]} 48. Qc8+ {[%emt
0:00:08]} Qd8 { [%emt 0:00:02]} 49. Qf5 {[%emt 0:00:06]} Rf7 {[%emt 0:00:09]}
50. Qh5 {[%emt 0:00:42]} Bg7 {[%emt 0:00:26]} 51. Qg6 {[%emt 0:00:16]} Re7
{[%emt 0:00:01]} 52. Qf5+ {[%emt 0:00:03]} Kg8 {[%emt 0:00:01]} 53. Rxe7 {[%emt
0:00:10]} Qxe7 { [%emt 0:00:00]} 54. Qc8+ {[%emt 0:00:01]} Kh7 {[%emt 0:00:01]}
55. Qf5+ { [%emt 0:00:01]} Kh6 {[%emt 0:00:03]} 56. Qf4+ {[%emt 0:00:02]} Qg5
{[%emt 0:00:04]} 57. Qxg5+ {[%emt 0:00:03]} Kxg5 {[%emt 0:00:00]} 58. Kg2
{[%emt 0:00:00]} Kf4 {[%emt 0:00:01]} 59. h4 {[%emt 0:00:01]} Bf6 {[%emt
0:00:03]} 60. h5 { [%emt 0:00:01]} Kg5 {[%emt 0:00:01]} 61. Kg3 {[%emt
0:00:01]} Kxh5 {[%emt 0:00:01]} 62. Kf4 {[%emt 0:00:01]} Kg6 {[%emt 0:00:01]}
63. a3 {[%emt 0:00:02]} a5 { [%emt 0:00:03]} 64. a4 {[%emt 0:00:03]} Bd4 {[%emt
0:00:05]} 65. Kg4 {[%emt 0:00:05]} Kf6 {[%emt 0:00:02]} 66. Kf4 {[%emt
0:00:03]} Bg1 {[%emt 0:00:03]} 67. Ke4 {[%emt 0:00:02]} Bh2 {[%emt 0:00:03]}
68. f4 {[%emt 0:00:03]} Bg3 {[%emt 0:00:02]} 69. Kf3 {[%emt 0:00:03]} Be1
{[%emt 0:00:01]} 70. Ke4 {[%emt 0:00:01]} Bc3 {[%emt 0:00:01]} 71. f5 {[%emt
0:00:03]} Be5 {[%emt 0:00:01]} 72. d6 { [%emt 0:00:02]} cxd6 {[%emt 0:00:06]}
73. Kd5 {[%emt 0:00:01]} Kxf5 {[%emt 0:00:01]} 74. Kc6 {[%emt 0:00:01]} Ke6
{[%emt 0:00:01]} 75. Kb6 {[%emt 0:00:01]} Bc3 {[%emt 0:00:01]} 76. Kc6 {[%emt
0:00:02]} Bb4 {[%emt 0:00:02]} 77. Kc7 { [%emt 0:00:02]} d5 {[%emt 0:00:01]}
78. cxd5+ {[%emt 0:00:02]} Kxd5 {[%emt 0:00:00]} 79. Kb6 {[%emt 0:00:01]} Kd4
{[%emt 0:00:01]} 80. Kb5 {[%emt 0:00:01]} Kc3 {[%emt 0:00:00]} 81. Ka6 {[%emt
0:00:02]} Kxb3 {[%emt 0:00:01]} 82. Kb5 { [%emt 0:00:00]} c4 {[%emt 0:00:01]}
83. Kc6 {[%emt 0:00:00]} c3 {[%emt 0:00:00] } 0-1

[Event "DSJ Weihnachtsturnier U16: Lasker 2020"]
[Site ""]
[Date "2020.12.28"]
[Round "5"]
[White "Grabbel, Torben Frederik"]
[Black "Hänselmann, Hendrik"]
[Result "0-1"]
[Termination "normal"]
[Board "4.3"]
[WhiteElo "1636"]
[BlackElo "1828"]
[WhiteTeam "Hamburger SK von 1830 3"]
[BlackTeam "Karlsruher SF 1853"]
[PlyCount "134"]
[WhiteFideId "16219180"]
[BlackFideId "16232755"]
[EventRounds "7"]
[EventType "team-swiss"]
[EventDate "2020.12.28"]

1. d4 {[%emt 0:00:10]} Nf6 {[%emt 0:00:03]} 2. Nf3 {[%emt 0:00:04]} g6 {[%emt
0:00:03]} 3. c4 {[%emt 0:00:03]} Bg7 {[%emt 0:00:03] } 4. Nc3 {[%emt 0:00:01]}
d6 {[%emt 0:00:01]} 5. e4 {[%emt 0:00:02]} O-O { [%emt 0:00:02]} 6. Be2 {[%emt
0:00:01]} c6 {[%emt 0:00:01]} 7. O-O {[%emt 0:00:02]} e5 {[%emt 0:00:08]} 8. d5
{[%emt 0:00:02]} Na6 {[%emt 0:00:11]} 9. Nd2 { [%emt 0:00:06]} Ne8 {[%emt
0:00:25]} 10. f4 {[%emt 0:00:16]} f5 {[%emt 0:00:07] } 11. fxe5 {[%emt
0:00:20]} dxe5 {[%emt 0:00:10]} 12. Nf3 {[%emt 0:00:05]} Nd6 {[%emt 0:00:20]}
13. Bg5 {[%emt 0:00:23]} Qb6+ {[%emt 0:00:24]} 14. Kh1 { [%emt 0:00:10]} Qc7
{[%emt 0:01:20]} 15. exf5 {[%emt 0:00:30]} gxf5 {[%emt 0:00:11]} 16. dxc6
{[%emt 0:00:08]} bxc6 {[%emt 0:00:18]} 17. a3 {[%emt 0:00:39]} Nc5 {[%emt
0:00:09]} 18. Be3 {[%emt 0:00:46]} Nce4 {[%emt 0:00:06]} 19. c5 { [%emt
0:00:26]} Nxc3 {[%emt 0:00:19]} 20. bxc3 {[%emt 0:00:07]} Ne4 {[%emt 0:00:06]}
21. Qb3+ {[%emt 0:00:16]} Kh8 {[%emt 0:00:12]} 22. Bd3 {[%emt 0:00:13]} Nf6
{[%emt 0:00:40]} 23. Ng5 {[%emt 0:00:47]} Nd5 {[%emt 0:00:30]} 24. Bd2 { [%emt
0:00:22]} h6 {[%emt 0:00:26]} 25. Nh3 {[%emt 0:00:12]} Rb8 {[%emt 0:00:31]} 26.
Qc2 {[%emt 0:00:15]} e4 {[%emt 0:00:22]} 27. Bc4 {[%emt 0:00:12]} Be6 {[%emt
0:01:27]} 28. Bxd5 {[%emt 0:00:49]} cxd5 {[%emt 0:00:08]} 29. Bf4 { [%emt
0:00:04]} Be5 {[%emt 0:00:03]} 30. Bxe5+ {[%emt 0:00:20]} Qxe5 {[%emt 0:00:05]}
31. Nf4 {[%emt 0:00:11]} Rg8 {[%emt 0:00:17]} 32. Qf2 {[%emt 0:00:25]} Kh7
{[%emt 0:00:44]} 33. Qh4 {[%emt 0:00:13]} Rb7 {[%emt 0:00:03]} 34. Qf2 { [%emt
0:00:37]} Rf7 {[%emt 0:00:39]} 35. Qd4 {[%emt 0:00:14]} Qxd4 {[%emt 0:00:10]}
36. cxd4 {[%emt 0:00:04]} Bd7 {[%emt 0:00:01]} 37. Nxd5 {[%emt 0:00:06]} Bc6
{[%emt 0:00:07]} 38. Nb4 {[%emt 0:00:07]} Ba8 {[%emt 0:00:04]} 39. Rae1 { [%emt
0:00:27]} e3 {[%emt 0:00:04]} 40. Rxe3 {[%emt 0:00:04]} Bxg2+ {[%emt 0:00:10]}
41. Kg1 {[%emt 0:00:04]} Bxf1+ {[%emt 0:00:01]} 42. Kxf1 {[%emt 0:00:01]} f4
{[%emt 0:00:01]} 43. Rf3 {[%emt 0:00:05]} Rd8 {[%emt 0:00:03]} 44. d5 { [%emt
0:00:08]} a5 {[%emt 0:00:01]} 45. Nc6 {[%emt 0:00:06]} Rxd5 {[%emt 0:00:01]}
46. Nxa5 {[%emt 0:00:05]} Rxc5 {[%emt 0:00:01]} 47. Nb3 {[%emt 0:00:03]} Rc2
{[%emt 0:00:03]} 48. Kg1 {[%emt 0:00:06]} Ra2 {[%emt 0:00:02]} 49. Nc5 { [%emt
0:00:10]} Kg6 {[%emt 0:00:02]} 50. Ne6 {[%emt 0:00:08]} Kf5 {[%emt 0:00:04]}
51. Nc5 {[%emt 0:00:07]} Kg4 {[%emt 0:00:05]} 52. Rc3 {[%emt 0:00:07]} f3
{[%emt 0:00:01]} 53. Nd3 {[%emt 0:00:08]} f2+ {[%emt 0:00:02]} 54. Nxf2+ {
[%emt 0:00:03]} Rfxf2 {[%emt 0:00:01]} 55. Rg3+ {[%emt 0:00:02]} Kf4 {[%emt
0:00:02]} 56. Rd3 {[%emt 0:00:02]} Rfb2 {[%emt 0:00:02]} 57. Rd1 {[%emt
0:00:04]} Rxa3 {[%emt 0:00:01]} 58. Rf1+ {[%emt 0:00:01]} Ke3 {[%emt 0:00:02]}
59. Re1+ { [%emt 0:00:01]} Kf3 {[%emt 0:00:02]} 60. Rf1+ {[%emt 0:00:01]} Kg4
{[%emt 0:00:01]} 61. Re1 {[%emt 0:00:02]} Raa2 {[%emt 0:00:01]} 62. Rf1 {[%emt
0:00:02]} Rxh2 {[%emt 0:00:01]} 63. Rb1 {[%emt 0:00:03]} Rag2+ {[%emt 0:00:03]}
64. Kf1 { [%emt 0:00:02]} Rh1+ {[%emt 0:00:01]} 65. Kxg2 {[%emt 0:00:01]} Rxb1
{[%emt 0:00:01]} 66. Kf2 {[%emt 0:00:01]} h5 {[%emt 0:00:01]} 67. Ke3 {[%emt
0:00:02]} h4 {[%emt 0:00:01]} 0-1

[Event "DSJ Weihnachtsturnier U16: Lasker 2020"]
[Site ""]
[Date "2020.12.28"]
[Round "5"]
[White "Steinhauer, Artur"]
[Black "Gallasch, Jonas"]
[Result "0-1"]
[Termination "normal"]
[Board "5.1"]
[WhiteElo "1462"]
[BlackElo "2112"]
[WhiteTeam "SC Bavaria Regensburg von 1881"]
[BlackTeam "Schachgemeinschaft Porz"]
[PlyCount "180"]
[WhiteFideId "16263596"]
[BlackFideId "16222474"]
[EventRounds "7"]
[EventType "team-swiss"]
[EventDate "2020.12.28"]

1. e4 {[%emt 0:00:08]} c6 {[%emt 0:00:06]} 2. Nc3 {[%emt 0:00:02]} d5 {[%emt
0:00:00]} 3. d4 {[%emt 0:00:04]} dxe4 {[%emt 0:00:01]} 4. Nxe4 {[%emt 0:00:00]}
Bf5 {[%emt 0:00:01]} 5. Ng3 {[%emt 0:00:03]} Bg6 {[%emt 0:00:00]} 6. Nf3 {
[%emt 0:00:10]} Nd7 {[%emt 0:00:08]} 7. Bd3 {[%emt 0:00:02]} e6 {[%emt 0:00:01]
} 8. Bxg6 {[%emt 0:00:02]} hxg6 {[%emt 0:00:01]} 9. c3 {[%emt 0:00:01]} Ngf6 {
[%emt 0:00:01]} 10. Bg5 {[%emt 0:00:02] Regensb3-001 offers a draw} Qb6 { [%emt
0:00:34]} 11. Qb3 {[%emt 0:00:02]} Bd6 {[%emt 0:00:09]} 12. O-O-O { [%emt
0:00:04]} O-O-O {[%emt 0:02:09]} 13. Qxb6 {[%emt 0:00:11]} axb6 {[%emt
0:00:03]} 14. Rde1 {[%emt 0:00:19]} Rde8 {[%emt 0:01:45]} 15. Bxf6 {[%emt
0:00:21]} gxf6 {[%emt 0:00:15]} 16. Ne4 {[%emt 0:00:03]} Bf4+ {[%emt 0:00:01]}
17. Kc2 {[%emt 0:00:02]} g5 {[%emt 0:00:08]} 18. g3 {[%emt 0:00:29]} Bc7 {[%emt
0:00:10]} 19. h4 {[%emt 0:00:04]} g4 {[%emt 0:00:08]} 20. Nh2 {[%emt 0:00:35]}
f5 {[%emt 0:00:12]} 21. Nd2 {[%emt 0:00:58]} Nf6 {[%emt 0:00:18]} 22. Nc4 {
[%emt 0:01:07]} Ne4 {[%emt 0:00:10]} 23. Nxg4 {[%emt 0:00:13]} Nxg3 {[%emt
0:00:18]} 24. fxg3 {[%emt 0:00:11]} fxg4 {[%emt 0:00:01]} 25. Ne5 {[%emt
0:00:05] } f5 {[%emt 0:00:29]} 26. Rhf1 {[%emt 0:00:47]} c5 {[%emt 0:00:58]}
27. Re3 { [%emt 0:01:26]} Rh7 {[%emt 0:00:31]} 28. dxc5 {[%emt 0:00:19]} bxc5
{[%emt 0:00:03]} 29. Nd3 {[%emt 0:00:01]} b6 {[%emt 0:00:22]} 30. c4 {[%emt
0:00:41]} Rd7 {[%emt 0:00:49]} 31. a4 {[%emt 0:00:04]} Rd4 {[%emt 0:00:28]} 32.
b3 { [%emt 0:00:02]} Kb7 {[%emt 0:00:16]} 33. Kc3 {[%emt 0:00:07]} Bd8 {[%emt
0:00:18]} 34. Rxf5 {[%emt 0:00:19]} exf5 {[%emt 0:00:06]} 35. Rxe8 {[%emt
0:00:00]} Bf6 {[%emt 0:00:00]} 36. Kc2 {[%emt 0:00:02]} Re4 {[%emt 0:00:08]}
37. Rf8 { [%emt 0:00:01]} Bd4 {[%emt 0:00:02]} 38. Rf7+ {[%emt 0:00:04]} Ka6
{[%emt 0:00:01]} 39. Rxf5 {[%emt 0:00:01]} Re2+ {[%emt 0:00:01]} 40. Kd1 {[%emt
0:00:01]} Rg2 {[%emt 0:00:00]} 41. h5 {[%emt 0:00:07]} Rxg3 {[%emt 0:00:01]}
42. Ke2 { [%emt 0:00:05]} Rg2+ {[%emt 0:00:03]} 43. Ke1 {[%emt 0:00:03]} g3
{[%emt 0:00:01]} 44. h6 {[%emt 0:00:04]} Rh2 {[%emt 0:00:01]} 45. Nf4 {[%emt
0:00:06]} Rxh6 {[%emt 0:00:04]} 46. Rg5 {[%emt 0:00:04]} Rh1+ {[%emt 0:00:04]}
47. Kd2 { [%emt 0:00:03]} Bf2 {[%emt 0:00:03]} 48. Ke2 {[%emt 0:00:15]} Rb1
{[%emt 0:00:02]} 49. Nd3 {[%emt 0:00:09]} Rxb3 {[%emt 0:00:03]} 50. Nxf2 {[%emt
0:00:02]} gxf2 {[%emt 0:00:01]} 51. Kxf2 {[%emt 0:00:00]} Ka5 {[%emt 0:00:00]}
52. Ke2 { [%emt 0:00:05]} Rc3 {[%emt 0:00:03]} 53. Rg4 {[%emt 0:00:04]} Kxa4
{[%emt 0:00:02]} 54. Kd2 {[%emt 0:00:01]} Rh3 {[%emt 0:00:02]} 55. Rg6 {[%emt
0:00:04]} Ka5 {[%emt 0:00:01]} 56. Kc2 {[%emt 0:00:02]} Ra3 {[%emt 0:00:04]}
57. Kb2 { [%emt 0:00:02]} Re3 {[%emt 0:00:01]} 58. Kc2 {[%emt 0:00:02]} Rf3
{[%emt 0:00:01] Regensb3-001 offers a draw} 59. Kb2 {[%emt 0:00:02]} Kb4 {[%emt
0:00:03]} 60. Rxb6+ {[%emt 0:00:02]} Kxc4 {[%emt 0:00:01]} 61. Rh6 {[%emt
0:00:04]} Rf2+ {[%emt 0:00:01]} 62. Kc1 {[%emt 0:00:01]} Kb4 {[%emt 0:00:04]}
63. Rb6+ { [%emt 0:00:04]} Kc3 {[%emt 0:00:01]} 64. Kd1 {[%emt 0:00:08]} c4
{[%emt 0:00:04]} 65. Rh6 {[%emt 0:00:33]} Rf1+ {[%emt 0:00:01]} 66. Ke2 {[%emt
0:00:03]} Rg1 {[%emt 0:00:02]} 67. Rd6 {[%emt 0:00:09]} Rg2+ {[%emt 0:00:05]}
68. Kf3 { [%emt 0:00:05]} Rh2 {[%emt 0:00:00]} 69. Kg4 {[%emt 0:00:05]} Rd2
{[%emt 0:00:01]} 70. Rh6 {[%emt 0:00:07]} Rf2 {[%emt 0:00:01]} 71. Kg3 {[%emt
0:00:04]} Rf8 {[%emt 0:00:01]} 72. Rb6 {[%emt 0:00:07]} Kc2 {[%emt 0:00:01]}
73. Kg4 { [%emt 0:00:04]} c3 {[%emt 0:00:01]} 74. Kg5 {[%emt 0:00:00]} Kc1
{[%emt 0:00:02]} 75. Kg6 {[%emt 0:00:01]} c2 {[%emt 0:00:01]} 76. Kg7 {[%emt
0:00:01]} Rf4 {[%emt 0:00:01]} 77. Kg6 {[%emt 0:00:01]} Kd2 {[%emt 0:00:01]}
78. Rd6+ { [%emt 0:00:01]} Kc3 {[%emt 0:00:01]} 79. Rc6+ {[%emt 0:00:01]} Rc4
{[%emt 0:00:01]} 80. Rf6 {[%emt 0:00:02]} c1=Q {[%emt 0:00:02]} 81. Rf3+ {[%emt
0:00:00]} Kb4 {[%emt 0:00:02]} 82. Rf6 {[%emt 0:00:01]} Qc2+ {[%emt 0:00:01]}
83. Kf7 { [%emt 0:00:00]} Rc7+ {[%emt 0:00:01]} 84. Ke6 {[%emt 0:00:01]} Qc4+
{[%emt 0:00:01]} 85. Kf5 {[%emt 0:00:00]} Rc5+ {[%emt 0:00:01]} 86. Kg6 {[%emt
0:00:01]} Qg4+ {[%emt 0:00:01]} 87. Kf7 {[%emt 0:00:01]} Rc7+ {[%emt 0:00:01]}
88. Ke8 { [%emt 0:00:02]} Qg8+ {[%emt 0:00:01]} 89. Rf8 {[%emt 0:00:01]} Qe6+
{[%emt 0:00:01]} 90. Kd8 {[%emt 0:00:00]} Qe7# {[%emt 0:00:01]} 0-1